Cost data products (Record no. 120746)

MARC details
000 -LEADER
fixed length control field 00806cai a22001935a 4500
001 - CONTROL NUMBER
control field L146062
008 - FIXED-LENGTH DATA ELEMENTS--GENERAL INFORMATION
fixed length control field 081205u xxu g 000 0 eng d
035 ## - SYSTEM CONTROL NUMBER
System control number (Sirsi) u146062
041 0# - LANGUAGE CODE
Language code of text/sound track or separate title eng
110 2# - MAIN ENTRY--CORPORATE NAME
Corporate name or jurisdiction name as entry element RSMeans
9 (RLIN) 5664
245 00 - TITLE STATEMENT
Title Cost data products
Medium [electronic resource]
520 ## - SUMMARY, ETC.
Summary, etc. Section of RSMeans website, an American provider of construction cost information. Provides construction costs and city cost indexes, productivity rates, contractor's rates for the United States. Data available on book, on CD-ROM and online.
590 ## - LOCAL NOTE (RLIN)
Local note KA
650 24 - SUBJECT ADDED ENTRY--TOPICAL TERM
Topical term or geographic name entry element BUILDING COST INDEX
651 #4 - SUBJECT ADDED ENTRY--GEOGRAPHIC NAME
Geographic name United States
Chronological subdivision 1959-
690 ## - LOCAL SUBJECT ADDED ENTRY--TOPICAL TERM (OCLC, RLIN)
Topical term or geographic name as entry element BUILT ENVIRONMENT-BUILDING COSTS
856 40 - ELECTRONIC LOCATION AND ACCESS
Uniform Resource Identifier <a href="https://www.rsmeans.com/costdata/index.asp">https://www.rsmeans.com/costdata/index.asp</a>
Public note View the microsite free of charge online at www.rsmeans.com...
942 ## - ADDED ENTRY ELEMENTS (KOHA)
Suppress in OPAC 0
Holdings
Withdrawn status Lost status Source of classification or shelving scheme Damaged status Not for loan Home library Current library Shelving location Date acquired Total Checkouts Full call number Barcode Date last seen Copy number Price effective from Koha item type
    Dewey Decimal Classification     Virtual Virtual Online 05/12/2008   ONLINE PUBLICATION 146062-2001 06/08/2019 1 06/08/2019 Online material